[Event "Preferente Grupo II"]
[Site ""]
[Date "2011.02.19"]
[Round "3.55"]
[White "Horton Justin"]
[Black "Argueso Pascual Jorge"]
[Result "1/2-1/2"]
[WhiteElo "2112"]
[BlackElo "2000"]

1.Nf3 d5 2.d4 Nf6 3.c4 e6 4.Nc3 Be7 5.Bg5 O-O 6.e3 h6 7.Bh4 Ne4 8.Bxe7 Qxe7 9.
Rc1 Nxc3 10.Rxc3 dxc4 11.Bxc4 Rd8 12.Qc2 c6 13.O-O Nd7 14.Bb3 Nf6 15.e4 Bd7
16.Rc1 Be8 17.a3 Rd7 18.Ba2 Rad8 19.g3 g6 20.h4 h5 21.Kg2 Kg7 22.b4 a6 23.Rc5
Ng4 24.Bb1 Qf6 25.e5 Qe7 26.Qe4 Nh6 27.Qf4 Nf5 28.Bxf5 exf5 29.Qe3 Rd5 30.Rxd5
Rxd5 31.Ng5 Bd7 32.Nh3 Be6 33.Nf4 Rd8 34.Rc5 Qd7 35.Nxh5+ gxh5 36.Qg5+ Kf8 37.
Qh6+ Kg8 1/2-1/2

[Event "Preferente Grupo II"]
[Site ""]
[Date "2011.02.19"]
[Round "3.56"]
[White "Ruiz Gutierrez Manuel"]
[Black "Abos Rosico Antonio"]
[Result "0-1"]
[WhiteElo "1870"]
[BlackElo "2073"]

1.d4 Nf6 2.Bg5 c5 3.Bxf6 exf6 4.d5 g6 5.e3 d6 6.Bd3 Bg7 7.Ne2 Nd7 8.c3 O-O 9.
O-O Ne5 10.Bc2 b5 11.h3 f5 12.Nd2 Bb7 13.f4 Nd7 14.e4 Nb6 15.exf5 Nxd5 16.fxg6
hxg6 17.Ne4 Ne3 18.Qd2 Nxf1 19.Rxf1 Qe7 20.Qxd6 Qxd6 21.Nxd6 Bc6 22.f5 Rad8
23.Ne4 Bxe4 24.Bxe4 Rd2 25.Nf4 gxf5 26.Bxf5 Rxb2 27.Rf3 Rd8 28.Be4 Rxa2 29.Bd5
Ra1+ 30.Kf2 Rd1 0-1

[Event "Preferente Grupo II"]
[Site ""]
[Date "2011.02.19"]
[Round "3.57"]
[White "Fandino Roquelina"]
[Black "Martinez Asensio Juan M"]
[Result "1-0"]
[WhiteElo "2148"]
[BlackElo "2144"]

1.e4 c5 2.Nf3 g6 3.Nc3 Bg7 4.Bc4 Nc6 5.O-O Nf6 6.d3 O-O 7.a4 b6 8.h3 Bb7 9.Be3
Na5 10.Ba2 c4 11.e5 Nd5 12.Bd4 Rc8 13.Re1 d6 14.dxc4 Nxc4 15.Nxd5 Bxd5 16.exd6
e6 17.d7 Qxd7 18.Bxg7 Kxg7 19.Bxc4 Rxc4 20.Ne5 Qc7 21.Nxc4 Qxc4 22.Qe2 Qc6 23.
f3 Rc8 24.c3 a5 25.Qf2 Kg8 26.Qd4 Qb7 27.Qf6 Bb3 28.Re4 Rc5 29.Rd4 Rd5 30.Ra3
Rxd4 31.Qxd4 Bd5 32.c4 Bc6 33.Rb3 Bxa4 34.Rxb6 Qc7 35.c5 1-0

[Event "Preferente Grupo II"]
[Site ""]
[Date "2011.02.19"]
[Round "3.58"]
[White "Carruez Berges Santiago"]
[Black "Rodriguez Leiva Manuel"]
[Result "1/2-1/2"]
[WhiteElo "2110"]
[BlackElo "2109"]

1.e4 e6 2.d4 d5 3.Nc3 Nf6 4.Bg5 Be7 5.e5 Nfd7 6.h4 h6 7.Qh5 g6 8.Bxe7 Qxe7 9.
Qg4 Qb4 10.O-O-O Nxe5 11.Qf4 Nc4 12.Bxc4 Qxc4 13.Rh3 Nd7 14.Rf3 Rh7 15.Re1 b5
16.h5 g5 17.Qf5 Rg7 18.Qxd5 Qxd5 19.Nxd5 Kd8 20.Nb4 Bb7 21.Rg3 c5 22.dxc5 Nxc5
23.Rd1+ Ke7 24.Rc3 Rc8 25.f3 g4 26.Nd3 Nxd3+ 27.Rcxd3 Rc7 28.Ne2 gxf3 29.gxf3
Rg5 30.Nf4 Rgc5 31.R1d2 Rc4 32.Ne2 Rh4 33.b3 Rxh5 34.Nd4 b4 35.Kb2 Re5 36.a3
Ba6 37.f4 bxa3+ 38.Ka2 Rd5 39.Rh3 h5 40.Kxa3 Kf6 41.c4 Rdc5 42.Nf3 Bb7 43.Ne5
Rxe5 44.fxe5+ Kxe5 45.Rxh5+ f5 46.Kb4 Bf3 47.Rh6 Rc6 48.Kc3 f4 49.b4 a6 50.Rd8
Bg4 51.Rg8 Bf5 52.Rg1 f3 53.Rh4 Rd6 54.Re1+ Kf6 55.c5 Rd3+ 56.Kc4 f2 57.Rf1
Rf3 58.Rd4 Bh3 59.Rdd1 Bxf1+ 60.Rxf1 Ke7 61.Kd4 Rf4+ 62.Ke3 Rxb4 63.Rxf2 a5
64.Kd3 e5 65.Kc3 Rf4 66.Rd2 Rf3+ 67.Kc4 Rf8 68.Ra2 Ra8 69.Kd5 Kd7 70.Rh2 Re8
71.Rh7+ Kc8 72.Kd6 e4 73.Ra7 Kb8 74.Rxa5 Rd8+ 75.Kc6 e3 76.Kb6 Rd2 77.Ra3 Rb2+
78.Kc6 e2 79.Re3 Rd2 80.Re8+ Ka7 81.Kc7 Rc2 82.c6 Ka6 83.Re5 Rd2 84.Kc8 Kb6
85.c7 Rc2 86.Re6+ Rc6 1/2-1/2

[Event "Preferente Grupo II"]
[Site ""]
[Date "2011.02.19"]
[Round "3.59"]
[White "Inglan Bielsa Fernando"]
[Black "Temprano Mateos Luis Jose"]
[Result "1/2-1/2"]
[WhiteElo "2105"]
[BlackElo "2009"]

1.e4 e5 2.Nf3 Nc6 3.Bc4 Nf6 4.d4 exd4 5.O-O Nxe4 6.Re1 d5 7.Bxd5 Qxd5 8.Nc3
Qa5 9.Nxe4 Be6 10.Neg5 O-O-O 11.Nxe6 fxe6 12.Rxe6 Bd6 13.Qe2 Kd7 14.Bg5 Rde8
15.Re1 Qxe1+ 16.Qxe1 Rxe6 17.Qd2 Rhe8 1/2-1/2

[Event "Preferente Grupo II"]
[Site ""]
[Date "2011.02.19"]
[Round "3.60"]
[White "Tirapo Larcuen Ana"]
[Black "Buil Rello Jose Antonio"]
[Result "0-1"]
[WhiteElo "1942"]
[BlackElo "1955"]

1.e4 c5 2.Nc3 a6 3.f4 e6 4.Nf3 d5 5.exd5 exd5 6.Qe2+ Be7 7.g3 Nf6 8.Bg2 Nc6 9.
h3 O-O 10.O-O Re8 11.d3 b5 12.Ne5 Bb7 13.g4 Qd6 14.g5 Nd4 15.Qf2 Nd7 16.Nxd7
Qxd7 17.f5 Bf8 18.h4 Re5 19.Bf4 Ree8 20.g6 fxg6 21.fxg6 b4 22.gxh7+ Kh8 23.Nd1
Ne2+ 24.Kh1 d4 25.Bxb7 Qxb7+ 26.Qg2 Qxg2+ 27.Kxg2 Nxf4+ 28.Rxf4 Re2+ 29.Rf2
Rae8 30.Rc1 Re1 31.Rb1 Kxh7 32.a3 a5 33.axb4 axb4 34.c3 b3 35.cxd4 cxd4 36.Rf1
Bb4 37.Nf2 R8e2 38.Rbxe1 Bxe1 39.Kg1 Re3 40.Ne4 Bxh4 41.Rf4 g5 42.Rg4 Kg6 43.
Nc5 Re1+ 44.Kg2 Re2+ 45.Kh3 Rxb2 46.Rxd4 Bf2 47.Rd6+ Kh5 48.Ne4 g4+ 0-1

[Event "Preferente Grupo II"]
[Site ""]
[Date "2011.02.19"]
[Round "3.62"]
[White "Lucea Valero Alejandro"]
[Black "Cebrian Valverde Jose Antonio"]
[Result "0-1"]
[WhiteElo "1953"]
[BlackElo "2138"]

1.e4 e6 2.d4 d5 3.e5 c5 4.c3 Nc6 5.Nf3 Qb6 6.Bd3 cxd4 7.cxd4 Bd7 8.Bc2 Nb4 9.
O-O Nxc2 10.Qxc2 Ne7 11.Nc3 Rc8 12.Be3 Nf5 13.Rfc1 Be7 14.Qd2 O-O 15.a3 Rc4
16.Ne2 Rfc8 17.Rxc4 Rxc4 18.Rc1 Bb5 19.Ng3 Nxg3 20.hxg3 h6 21.Rxc4 Bxc4 22.Nh2
Qb3 23.Nf3 Qa4 24.Nh4 b5 25.f4 b4 26.axb4 Bxb4 27.Qc1 Qb3 28.f5 Qd3 29.fxe6
fxe6 30.Nf3 Kh7 31.Bd2 Be7 32.Qc3 Qf1+ 33.Kh2 Qd1 34.Qc1 Qe2 35.Qe1 Qd3 36.Qe3
Qxe3 37.Bxe3 Kg6 38.g4 Kf7 39.Kg3 Ke8 40.g5 h5 41.Kf4 g6 42.g4 hxg4 43.Kxg4
Be2 44.Kf4 Kd7 45.Bd2 Kc6 46.Nh2 Bd3 47.Ng4 Kb5 48.Ke3 Bf5 49.Kf4 Kc4 50.Bc3
Kd3 51.Ne3 Be4 52.Ng4 Bf5 53.Nf6 Bd8 54.Nd7 Kc4 55.Nb8 Kb5 56.Nd7 a5 57.Nc5 a4
58.Nb7 Be7 59.Nd6+ Kc6 60.Nxf5 exf5 61.Bd2 Kb5 62.Bc3 Kc4 63.e6 Bd6+ 64.Ke3 a3
65.Kd2 a2 66.b3+ Kxb3 67.Ba1 Be7 0-1

[Event "Preferente Grupo II"]
[Site ""]
[Date "2011.02.19"]
[Round "3.63"]
[White "Gutierrez Minguenza Ruben"]
[Black "Buil Montanes Carlos"]
[Result "1-0"]
[WhiteElo "2112"]
[BlackElo "1903"]

1.d4 d5 2.c4 dxc4 3.e4 Nc6 4.Be3 Nf6 5.Nc3 e5 6.d5 Na5 7.Qa4+ Bd7 8.Qxa5 a6 9.
d6 Bxd6 10.Bg5 Bc6 11.Bxf6 Qxf6 12.Nd5 Qg6 13.Nxc7+ Bxc7 14.Qxc7 Qxe4+ 15.Be2
O-O 16.Nf3 Qc2 17.Rd1 Qxb2 18.Bxc4 Bxf3 19.gxf3 Qb4+ 20.Kf1 Rac8 21.Bxf7+ Kh8
22.Qd7 Qh4 23.Bb3 Rcd8 24.Qg4 Qh6 25.Kg2 Rde8 26.Rhe1 Rf4 27.Qg3 Qf6 28.Rd5
Rf5 29.Re4 Rf8 30.Rd3 Qc6 31.Bd5 Qc2 32.Rde3 Qd1 33.Be6 R5f6 34.Bg4 Rc6 35.
Rxe5 Rc1 36.Re1 1-0

[Event "Preferente Grupo II"]
[Site ""]
[Date "2011.02.19"]
[Round "3.64"]
[White "Minguez Guinda Andres"]
[Black "Palomar Ramon Santiago"]
[Result "0-1"]
[WhiteElo "1896"]
[BlackElo "2041"]

1.d4 d5 2.c4 e6 3.Nf3 Be7 4.Bf4 Nf6 5.e3 O-O 6.Nc3 a6 7.a4 c5 8.cxd5 Nxd5 9.
Nxd5 Qxd5 10.Be2 cxd4 11.Qxd4 Qa5+ 12.Kf1 Nc6 13.Qe4 Qb4 14.Qxb4 Nxb4 15.Bc4
Rd8 16.Ke2 Bd7 17.e4 Bc6 18.Nd2 Nc2 19.Ra2 Nd4+ 20.Kd1 Rd7 21.f3 Rad8 22.Re1
b5 23.axb5 axb5 24.Kc1 bxc4 25.Nxc4 Bb5 0-1

[Event "Preferente Grupo II"]
[Site ""]
[Date "2011.02.19"]
[Round "3.65"]
[White "Salamero Pelay Fernando"]
[Black "Hinojar Basa Alfonso"]
[Result "0-1"]
[WhiteElo "2130"]
[BlackElo "2200"]

1.e4 e6 2.d4 d5 3.Nc3 Bb4 4.e5 c5 5.a3 Ba5 6.Bd2 Nc6 7.Nb5 cxd4 8.Bxa5 Qxa5+
9.b4 Qb6 10.f4 Nh6 11.Nd6+ Kf8 12.Bd3 g6 13.h4 Kg7 14.h5 Bd7 15.g4 Ne7 16.Qf3
Nc8 17.hxg6 Nxd6 18.gxh7 Ne4 19.Qh3 Rxh7 20.Nf3 Rah8 21.Qg2 Ng8 22.Rxh7+ Rxh7
23.Ng5 Nxg5 24.fxg5 Rh8 25.O-O-O Qc7 26.Qg3 Qc3 27.Rf1 Qxa3+ 28.Kd1 Qxb4 29.
Qf2 Be8 30.Qf4 Rh3 31.g6 fxg6 32.g5 a5 33.Qg4 Rxd3+ 34.cxd3 Qb1+ 35.Ke2 Qc2+
36.Ke1 Qxd3 37.Rf3 Qe4+ 0-1

[Event "Preferente Grupo II"]
[Site ""]
[Date "2011.02.19"]
[Round "3.66"]
[White "Sebastian Bespin Ruben"]
[Black "Gella Bitrian Diego"]
[Result "1/2-1/2"]
[WhiteElo "2185"]
[BlackElo "1973"]

1.e4 c5 2.c3 Nf6 3.e5 Nd5 4.d4 cxd4 5.Bc4 Nb6 6.Bb3 e6 7.cxd4 d6 8.exd6 Bxd6
9.Nf3 Bd7 10.Nc3 Bc6 11.O-O O-O 12.Bc2 N8d7 13.Qd3 g6 14.Ne4 Bxe4 15.Qxe4 Nd5
16.Bg5 Be7 17.h4 Bf6 18.Bb3 N7b6 19.g3 Rc8 20.Bh6 Bg7 21.Bxg7 Kxg7 22.Ne5 Qe7
23.Rac1 Qb4 24.Rxc8 Rxc8 25.Ng4 Qd6 26.Ne5 Qb4 27.h5 Qd2 28.Ng4 Qg5 29.hxg6
hxg6 30.Ne5 Rh8 31.Qg2 Qd2 32.Rd1 Qxb2 33.Qf3 f6 34.Ng4 f5 35.Ne3 Nc3 36.Qxb7+
Kf6 37.Rf1 Ne2+ 38.Kg2 Nxd4 39.Qxa7 Nxb3 40.Qxb6 Qxa2 41.Nd5+ Ke5 42.Nc7 Nd2
43.Re1+ Ne4 44.Qc5+ Kf6 45.Qd4+ e5 46.Nd5+ Ke6 47.Nc7+ Kf6 48.Nd5+ Ke6 1/2-1/2

[Event "Preferente Grupo II"]
[Site ""]
[Date "2011.02.19"]
[Round "3.67"]
[White "Bellosta Lopez Pablo"]
[Black "Portero Garnica Miguel Angel"]
[Result "1/2-1/2"]
[WhiteElo "1948"]
[BlackElo "2112"]

1.e4 e5 2.Bc4 Nf6 3.d3 Nc6 4.Nc3 Bb4 5.Ne2 d5 6.exd5 Nxd5 7.O-O Be6 8.a3 Be7
9.Nxd5 Bxd5 10.Bxd5 Qxd5 11.Nc3 Qd7 12.Be3 O-O-O 13.Qf3 f5 14.Rfe1 f4 15.Bd2
Nd4 16.Qd1 f3 17.Re4 Rhf8 18.Be3 fxg2 19.Bxd4 exd4 20.Ne2 Qf5 21.Rf4 Qh3 22.
Rxf8 Rxf8 23.Ng3 Bd6 24.Qh5 Qxh5 25.Nxh5 g6 26.Ng3 Kd7 27.Re1 Kc6 28.Re4 Kd5
29.Kxg2 c5 30.Re2 b5 31.Ne4 Bf4 32.Re1 a5 33.b3 h5 34.h4 Bc7 35.Ng5 Rf4 36.Re4
Rxe4 37.Nxe4 a4 38.bxa4 bxa4 39.Nd2 Bd8 40.Kh3 Ke5 41.Kg3 Kf5 42.Ne4 Be7 43.
Nd2 Bd6+ 44.Kf3 Be7 45.Kg3 Bd6+ 46.Kh3 Bf4 47.Ne4 c4 48.Nc5 cxd3 49.cxd3 Bd6
50.Nxa4 Bxa3 51.Nb6 Kf4 52.Nc4 Bb4 53.Kg2 Bc3 54.Kf1 g5 55.hxg5 1/2-1/2

[Event "Preferente Grupo II"]
[Site ""]
[Date "2011.02.19"]
[Round "3.69"]
[White "Munoz Suarez Luis Alberto"]
[Black "De la Riva Fernandez Eduardo"]
[Result "1-0"]
[WhiteElo "1967"]
[BlackElo "1995"]

1.e4 e6 2.d4 d5 3.e5 c5 4.c3 Nc6 5.Nf3 Bd7 6.Bd3 Qb6 7.O-O cxd4 8.cxd4 Nxd4 9.
Nxd4 Qxd4 10.Nc3 Qxe5 11.Re1 Qd6 12.Nb5 Qb6 13.Be3 Qd8 14.Bf4 Bc6 15.Nc7+ Kd7
16.Nxa8 Bd6 17.Qd2 Nf6 18.b4 Ke7 19.b5 Be8 20.Rac1 Bxf4 21.Qxf4 Qxa8 22.Qb4+
Kd8 23.Qd6+ Bd7 24.Rc7 Ke8 25.b6 axb6 26.Bb5 Qd8 27.Bxd7+ Nxd7 28.Rec1 Nc5 29.
Qxb6 1-0

[Event "Preferente Grupo II"]
[Site ""]
[Date "2011.02.19"]
[Round "3.70"]
[White "Hernandez Delgado Gabriel"]
[Black "Martin Diaz Eduardo"]
[Result "1-0"]
[WhiteElo "1976"]
[BlackElo "1936"]

1.Nf3 Nf6 2.d4 g6 3.e3 Bg7 4.Bd3 d5 5.O-O O-O 6.b3 c5 7.Bb2 cxd4 8.exd4 Nc6 9.
a3 b6 10.Nbd2 Bb7 11.Re1 Rc8 12.Rc1 e6 13.Ne5 Nxe5 14.dxe5 Nd7 15.b4 a5 16.Bd4
axb4 17.axb4 Nb8 18.b5 Nd7 19.Qe2 Qe7 20.Qe3 Nc5 21.Ra1 Ra8 22.Bf1 Rfc8 23.c4
h5 24.cxd5 Bxd5 25.Nc4 Bxc4 26.Bxc4 Kh7 27.Bxc5 Qxc5 28.Qxc5 bxc5 29.Ra6 Rxa6
30.bxa6 Ra8 31.f4 Bh6 32.g3 g5 33.fxg5 Bxg5 34.h4 Bd2 35.Re2 Bc3 36.Kf2 Kg6
37.Kf3 Bd4 38.Ke4 Ra7 39.Ra2 Kg7 40.Bb5 Bc3 41.Bc6 Bb4 42.Bb7 Be1 43.Kd3 Kh6
44.Rg2 Ba5 45.Kc4 Bc7 46.Re2 Kg6 47.Kxc5 Kf5 48.Rf2+ Kg6 49.Rf6+ Kg7 50.Kd4
Bb6+ 51.Ke4 Bc5 52.Rf3 Bb6 53.Rc3 Bf2 54.Kf4 Kg6 55.Rc7 Bb6 56.Rc8 Bd4 57.Rd8
Bb6 58.Rg8+ Kh7 59.Ra8 Rxa8 60.Bxa8 Kg6 61.Be4+ f5 62.Bc6 Ba7 63.Be8+ Kh6 64.
Bf7 Kg7 65.Bxe6 1-0

[Event "Preferente Grupo II"]
[Site ""]
[Date "2011.02.19"]
[Round "3.71"]
[White "Navarro Castan Jesus"]
[Black "Correas Marcen Jose Maria"]
[Result "1/2-1/2"]
[WhiteElo "1925"]
[BlackElo "1972"]

1.e4 e5 2.Nf3 d6 3.d4 Qe7 4.Bc4 g6 5.Nc3 c6 6.Bg5 Nf6 7.Qe2 Bg7 8.dxe5 dxe5 9.
O-O-O Nbd7 10.h4 b5 11.Bd3 Nc5 12.Bxb5 cxb5 13.Nd5 Nxd5 14.Bxe7 Nxe7 15.Qxb5+
Nd7 16.Kb1 Rb8 17.Qa4 Rb7 18.Qa3 Nb6 19.b3 O-O 20.Nd2 Bh6 21.Ka1 Nc6 22.Nf3
Nd4 23.Nxd4 exd4 24.h5 Bg7 25.Rd3 Bd7 26.Qa6 Rfb8 27.hxg6 fxg6 28.f4 Bc6 29.e5
Bxg2 30.Rh2 Bf1 31.Rf2 Bxd3 32.Qxd3 Rd7 33.Qe4 Rbd8 34.Qc6 d3 35.cxd3 Rxd3 36.
Qe6+ Kh8 37.Rh2 Rf3 38.Qg4 Re3 39.Qh4 Rd1+ 40.Kb2 h6 41.Qg4 Rd6 42.Rxh6+ Bxh6
43.exd6 Bg7+ 44.Ka3 Nc4+ 45.Ka4 Nxd6 46.Qxg6 Re4+ 47.b4 Rd4 48.a3 Ne4 49.Qe8+
Kh7 50.Qh5+ 1/2-1/2

[Event "Preferente Grupo II"]
[Site ""]
[Date "2011.02.19"]
[Round "3.72"]
[White "Labrador Postigo Francisco"]
[Black "Royo Onde Manuel"]
[Result "1/2-1/2"]
[WhiteElo "1905"]
[BlackElo "1906"]

1.d4 d5 2.c4 e6 3.Nc3 c6 4.Nf3 Nf6 5.g3 dxc4 6.Ne5 b5 7.Bg2 Qb6 8.a4 Bb7 9.O-O
a6 10.e4 Be7 11.d5 cxd5 12.exd5 O-O 13.dxe6 Bxg2 14.exf7+ Rxf7 15.Kxg2 Qb7+
16.Kg1 Rf8 17.axb5 axb5 18.Rxa8 Qxa8 19.Qe2 b4 20.Qxc4+ Kh8 21.Nf7+ Kg8 22.Re1
Qc6 23.Qb3 bxc3 24.Rxe7 Qd5 25.Qxd5 Nxd5 26.Rb7 Nc6 27.Ng5 Nd4 28.Kf1 h6 29.
Rd7 cxb2 30.Bxb2 Ne3+ 31.Ke1 Nec2+ 32.Kd1 hxg5 1/2-1/2

[Event "Division Honor Grupo I"]
[Site ""]
[Date "2011.02.26"]
[Round "4.1"]
[White "Garza Marco Sergio"]
[Black "Fernandez Rubio Rafael"]
[Result "1-0"]
[WhiteElo "2436"]
[BlackElo "2054"]

1.d4 d5 2.c4 c6 3.Nf3 dxc4 4.e3 b5 5.a4 e6 6.axb5 cxb5 7.b3 Bb4+ 8.Bd2 Bxd2+
9.Nbxd2 Nf6 10.bxc4 bxc4 11.Bxc4 O-O 12.O-O Nbd7 13.Ra3 Nb6 14.Bd3 Nfd5 15.Qa1
Qe7 16.Rb1 f6 17.Ra5 Rf7 18.Be4 g5 19.h3 Rg7 20.Ne1 f5 21.Rxb6 Nxb6 22.Bxa8
Nxa8 23.Nd3 a6 24.Nc5 Nc7 25.Qb2 Kh8 26.Nc4 Nd5 27.Qb8 Rg8 28.Qe5+ Rg7 29.Nd6
Bd7 30.Rxa6 h6 31.Nxf5 exf5 32.Rxh6+ 1-0

[Event "Division Honor Grupo I"]
[Site ""]
[Date "2011.02.26"]
[Round "4.2"]
[White "Sierra Aguerri Joaquin"]
[Black "Antoli Royo Joaquin Miguel"]
[Result "0-1"]
[WhiteElo "2051"]
[BlackElo "2430"]

1.e4 c5 2.Nc3 Nc6 3.f4 e6 4.Nf3 Nge7 5.Bc4 d5 6.Bb3 a6 7.d3 b5 8.a3 dxe4 9.
dxe4 Qxd1+ 10.Nxd1 Bb7 11.c3 Nc8 12.Bc2 Nb6 13.b3 Be7 14.Be3 O-O 15.Nf2 Rac8
16.Ke2 f5 17.e5 Nd5 18.Bd2 Rfd8 19.Rhc1 Rd7 20.h4 Rcd8 21.Rd1 a5 22.Bd3 Ba6
23.Rab1 c4 24.bxc4 bxc4 25.Bc2 Bxa3 26.Ba4 Nde7 27.Rb6 Bb7 28.Rdb1 Ba8 29.Be3
Nd5 30.Rxc6 Nxc3+ 31.Ke1 Bxc6 32.Bxc6 Nxb1 33.Bb6 Bb4+ 34.Ke2 c3 35.Bxd8 Rxd8
36.Ba4 Na3 37.Nd3 h6 38.Nfe1 Kf7 39.h5 Ke7 40.Ke3 Nc4+ 41.Ke2 Nb2 0-1

[Event "Division Honor Grupo I"]
[Site ""]
[Date "2011.02.26"]
[Round "4.3"]
[White "Ramiro Ovejero Juan Luis"]
[Black "Vera Jimenez Andres"]
[Result "1-0"]
[WhiteElo "2365"]
[BlackElo "2006"]

1.e4 c5 2.Nf3 e6 3.d4 cxd4 4.Nxd4 a6 5.Nc3 Qc7 6.Be2 Nf6 7.O-O Be7 8.f4 d6 9.
Be3 Nc6 10.Nb3 O-O 11.Bd3 b5 12.g4 Bb7 13.g5 Nd7 14.Qh5 g6 15.Qh6 Rfe8 16.Rf3
Bf8 17.Qh4 Bg7 18.Rh3 Nf8 19.Rf1 Rad8 20.a3 d5 21.e5 Ne7 22.Nd4 Nc6 23.Nce2
Nxd4 24.Bxd4 Bc6 25.Ng3 a5 26.Nh5 gxh5 27.Qxh5 b4 28.Bc5 d4 29.Bxh7+ 1-0

[Event "Division Honor Grupo I"]
[Site ""]
[Date "2011.02.26"]
[Round "4.4"]
[White "Sancho Casale Jesus"]
[Black "Maza Broto Pablo"]
[Result "0-1"]
[WhiteElo "1932"]
[BlackElo "2075"]

1.d4 d5 2.Nf3 Nf6 3.g3 e6 4.Bg2 Be7 5.O-O O-O 6.c4 c6 7.Nbd2 b6 8.b3 Nbd7 9.
Qc2 Bb7 10.Bb2 Rc8 11.Rad1 c5 12.Ne5 cxd4 13.Bxd4 Nxe5 14.Bxe5 Nd7 15.Bc3 Qc7
16.Qb2 e5 17.e3 b5 18.cxd5 b4 19.d6 Bxd6 20.Bxb7 bxc3 21.Qxc3 Qxc3 22.Ne4 Qb2
23.Bxc8 Rxc8 24.Nxd6 Rf8 25.Nc4 Qxa2 26.Rxd7 Qxb3 27.Nxe5 Qe6 28.f4 f6 29.Ra1
a6 30.Rb1 fxe5 31.Rbb7 Qh6 32.Kg2 exf4 33.gxf4 Rc8 34.Kg3 Qg6+ 35.Kf2 Rc2+ 36.
Kf3 Qg2# 0-1

[Event "Division Honor Grupo I"]
[Site ""]
[Date "2011.02.26"]
[Round "4.5"]
[White "Gimenez Martinez Alberto"]
[Black "Gavin Roche Enrique"]
[Result "1-0"]
[WhiteElo "2132"]
[BlackElo "2241"]

1.e4 e6 2.d4 d5 3.e5 c5 4.c3 Nc6 5.Nf3 Nh6 6.Be2 cxd4 7.cxd4 Nf5 8.g4 Nh4 9.
Nxh4 Qxh4 10.Be3 Bd7 11.Nd2 Qd8 12.O-O Qb6 13.Rb1 a5 14.Kh1 f6 15.exf6 gxf6
16.g5 Bg7 17.Bh5+ Ke7 18.Nb3 h6 19.gxf6+ Bxf6 20.Nc5 Rag8 21.Qf3 Rf8 22.Qg4
Bc8 23.Qg6 Nxd4 24.Nb3 a4 25.Nxd4 Bxd4 26.Bxh6 Bd7 27.Bxf8+ Rxf8 28.f4 Bf6 29.
Bf3 Rh8 30.Rbe1 Qxb2 31.Re2 Qd4 32.Bg2 Bb5 33.Ree1 Bxf1 34.Rxf1 b5 35.h3 b4
36.f5 e5 37.Rc1 e4 38.Bf1 e3 39.Rc6 Rf8 40.Qh7+ Rf7 41.Rc7+ Kd6 42.Qxf7 Ke5
43.Rc6 Qe4+ 44.Bg2 Qb1+ 45.Kh2 Qxf5 46.Qxd5+ 1-0

[Event "Division Honor Grupo I"]
[Site ""]
[Date "2011.02.26"]
[Round "4.6"]
[White "Lopez Guaita Fernando"]
[Black "Quintin Navarro Alberto"]
[Result "0-1"]
[WhiteElo "2032"]
[BlackElo "2121"]

1.d4 Nf6 2.Nf3 g6 3.c3 Bg7 4.e3 O-O 5.Bd3 d6 6.O-O Nbd7 7.e4 e5 8.dxe5 dxe5 9.
Nbd2 c6 10.b4 Qc7 11.a4 Nh5 12.Re1 Re8 13.a5 Nf8 14.Nb3 Ne6 15.Be3 Nef4 16.Bc4
Bg4 17.h3 Rad8 18.Nbd2 Bxh3 19.gxh3 Nxh3+ 20.Kh2 Qd7 21.Qb3 N5f4 22.Nf1 Qg4
23.Ng3 Qxf3 24.Bxf7+ Kh8 25.Rg1 Nxf2 0-1

[Event "Division Honor Grupo I"]
[Site ""]
[Date "2011.02.26"]
[Round "4.7"]
[White "Labena Bernal Antonio"]
[Black "Ferrer Echevarri Javier"]
[Result "1-0"]
[WhiteElo "2073"]
[BlackElo "1959"]

1.e4 c5 2.c3 d5 3.exd5 Qxd5 4.d4 e6 5.Na3 cxd4 6.Nb5 Na6 7.Qxd4 Qxd4 8.Nxd4
Nc7 9.Bf4 Nd5 10.Bb5+ Bd7 11.Bxd7+ Kxd7 12.Bg3 Rd8 13.Ngf3 Bc5 14.O-O-O Ke7
15.Rhe1 Ngf6 16.c4 Bxd4 17.Nxd4 Rc8 18.Nf5+ Kf8 19.Nd6 Rc6 20.Kb1 Nb6 21.Nxb7
Nbd7 22.c5 Nd5 23.Bd6+ Kg8 24.Rxd5 exd5 25.Re8+ Nf8 26.Rxf8# 1-0

[Event "Division Honor Grupo I"]
[Site ""]
[Date "2011.02.26"]
[Round "4.8"]
[White "Navarro Sancho Rafael"]
[Black "Jaques Burguete Raul"]
[Result "0-1"]
[WhiteElo "1831"]
[BlackElo "2027"]

1.e4 Nc6 2.Nc3 e5 3.f4 d6 4.Nf3 Bg4 5.Bb5 Ne7 6.h3 Bxf3 7.Qxf3 a6 8.Ba4 b5 9.
Bb3 Nd4 10.Qf2 Nxb3 11.axb3 exf4 12.O-O g5 13.d4 Bg7 14.Ne2 Qd7 15.Qf3 O-O 16.
Bd2 Ng6 17.Bc3 h6 18.Rae1 Rfe8 19.Nc1 Nh4 20.Qh5 f3 21.Rxf3 Nxf3+ 22.Qxf3 b4
23.Bxb4 Bxd4+ 24.Kh1 f5 25.Qd3 c5 26.Bc3 fxe4 0-1

[Event "Division Honor Grupo I"]
[Site ""]
[Date "2011.02.26"]
[Round "4.9"]
[White "Baron Rodriguez Jesus"]
[Black "Del Rey Diego"]
[Result "0-1"]
[WhiteElo "2447"]
[BlackElo "2374"]

1.e4 e5 2.Bc4 Nf6 3.d3 c6 4.Nf3 d5 5.Bb3 Bd6 6.Nc3 dxe4 7.Ng5 O-O 8.Ncxe4 h6
9.Nxf6+ Qxf6 10.Ne4 Qg6 11.Be3 Bb4+ 12.c3 Be7 13.O-O Bf5 14.f4 Bxe4 15.dxe4
Qxe4 16.Qe1 Nd7 17.Qg3 Qxe3+ 18.Qxe3 Bc5 19.Qxc5 Nxc5 20.fxe5 Nxb3 21.axb3 a6
22.b4 Rfe8 23.Rfe1 Rad8 24.Rad1 Kf8 25.Kf2 Rxd1 26.Rxd1 Rxe5 27.Rd7 Rb5 28.Rc7
g5 29.Kf3 Kg7 30.Rd7 h5 31.h4 gxh4 32.Kf4 Kg6 33.Rd6+ f6 34.Rd7 a5 35.bxa5
Rxb2 36.Kf3 Rb5 37.Kf2 Rxa5 38.Rxb7 Ra2+ 39.Kg1 Rc2 40.Rb4 Rxc3 41.Rxh4 Rc2
42.Ra4 c5 43.Kh2 c4 44.Kg3 Kg5 45.Ra5+ f5 46.Rc5 Rc3+ 47.Kf2 Kf4 48.g3+ Kg4
49.Rd5 Rf3+ 50.Ke2 Kxg3 51.Rd8 Rf2+ 52.Ke1 Rf4 53.Ke2 h4 0-1

[Event "Division Honor Grupo I"]
[Site ""]
[Date "2011.02.26"]
[Round "4.10"]
[White "Chueca Forcen Alberto"]
[Black "Forcen Esteban Daniel"]
[Result "1-0"]
[WhiteElo "2295"]
[BlackElo "2378"]

1.d4 Nf6 2.c4 c5 3.d5 e6 4.Nc3 exd5 5.cxd5 d6 6.e4 g6 7.f4 Bg7 8.Bb5+ Nfd7 9.
Nf3 a6 10.Bd3 b5 11.O-O O-O 12.Kh1 c4 13.Bc2 Nc5 14.Be3 Nbd7 15.Bd4 f6 16.f5
g5 17.Bg1 b4 18.Ne2 a5 19.Nfd4 Ne5 20.Ne6 Nxe6 21.fxe6 Ba6 22.Bd4 Qc7 23.Bxe5
fxe5 24.Rxf8+ Rxf8 25.Ng3 c3 26.bxc3 Rf2 27.Ba4 bxc3 28.Qe1 Rb2 29.Nf5 Bf6 30.
h4 gxh4 31.Rc1 c2 32.Qd2 Qd8 33.Rxc2 Rb1+ 34.Rc1 Rb4 35.Qd1 Rxe4 36.Qh5 Kh8
37.Qf7 h3 38.e7 hxg2+ 39.Kxg2 Rg4+ 40.Kh3 Bxe7 41.Kxg4 1-0

[Event "Division Honor Grupo I"]
[Site ""]
[Date "2011.02.26"]
[Round "4.11"]
[White "Baron Rodriguez Jorge"]
[Black "Hernando Garcia Antonio"]
[Result "1/2-1/2"]
[WhiteElo "2272"]
[BlackElo "2215"]

1.c4 Nf6 2.g3 c6 3.Bg2 d5 4.Nf3 Bf5 5.cxd5 cxd5 6.Qb3 Qb6 7.d3 Qxb3 8.axb3 Bd7
9.Be3 Nc6 10.Nd4 a6 11.Nc3 e5 12.Nxc6 bxc6 13.Bd2 Bd6 14.O-O O-O 15.e4 d4 16.
Na4 Rfb8 17.f4 Rxb3 18.fxe5 Bxe5 19.Bf4 Bxf4 20.gxf4 Be8 21.Rfd1 Rab8 22.Rd2
g6 23.Bf3 Kg7 24.Bd1 R3b4 25.Rc1 h5 26.Ra1 c5 27.Nxc5 Rxb2 28.Rxb2 Rxb2 29.Nb3
Bb5 30.Nxd4 Bxd3 31.e5 Nd5 32.f5 gxf5 33.Bxh5 Rb1+ 34.Rxb1 Bxb1 35.Nc6 Bd3 36.
Kf2 Nf4 37.Bf3 Ng6 38.Ke3 Bb5 39.Nd4 Bd7 40.Be2 a5 41.Bd3 Ne7 42.Bc4 a4 43.Kd2
Nc6 44.e6 fxe6 45.Nxe6+ Bxe6 46.Bxe6 Nd4 47.Bxf5 Nxf5 48.Kc3 1/2-1/2

[Event "Division Honor Grupo I"]
[Site ""]
[Date "2011.02.26"]
[Round "4.12"]
[White "Palacios Latasa Elias"]
[Black "Aguirre Izaguirre Pedro Jose"]
[Result "1-0"]
[WhiteElo "2198"]
[BlackElo "2227"]

1.e4 c6 2.Nc3 g6 3.d4 Bg7 4.Be3 d6 5.Qd2 Nd7 6.Nf3 b5 7.Bd3 Nb6 8.h3 a6 9.O-O
Nf6 10.Bh6 O-O 11.Rfe1 Be6 12.Qg5 Ne8 13.Bxg7 Kxg7 14.e5 h6 15.Qg3 Kh7 16.Nh4
Rg8 17.Ne4 d5 18.Nc5 Nc7 19.f4 Qc8 20.Nxe6 Nxe6 21.f5 Nf8 22.e6 fxe6 23.fxg6+
Kh8 24.Qf4 Rg7 25.Rf1 Qe8 26.Qxh6+ Kg8 27.Rf3 Nbd7 28.Raf1 Nf6 29.Rf4 c5 30.c3
b4 31.g4 Qb8 32.g5 N8d7 33.gxf6 exf6 34.Ng2 f5 35.Rh4 Kf8 36.Bxf5 1-0

[Event "Division Honor Grupo I"]
[Site ""]
[Date "2011.02.26"]
[Round "4.13"]
[White "Villuendas Valero Adrian"]
[Black "Llorente Zaro Alfonso"]
[Result "0-1"]
[WhiteElo "2266"]
[BlackElo "2450"]

1.d4 g6 2.e4 Bg7 3.Nf3 d6 4.Nc3 Nd7 5.Be3 e6 6.Qd2 a6 7.Bd3 h6 8.O-O Ne7 9.Ne2
d5 10.exd5 Nxd5 11.c4 Nxe3 12.fxe3 O-O 13.Nc3 e5 14.Qf2 f5 15.c5 e4 16.Bc4+
Kh7 17.Ne1 Nf6 18.Nc2 b5 19.Bb3 c6 20.Rad1 a5 21.a3 Qe7 22.Qg3 b4 23.axb4 axb4
24.Ne2 g5 25.Qd6 Qxd6 26.cxd6 Rd8 27.Ra1 Ba6 28.Rae1 Bc8 29.Ra1 Rxa1 30.Rxa1
Rxd6 31.Nxb4 c5 32.dxc5 Rd2 33.Nd4 Rxb2 34.Nd5 Ng4 35.Re1 Nxe3 0-1

[Event "Division Honor Grupo I"]
[Site ""]
[Date "2011.02.26"]
[Round "4.14"]
[White "Delgado Salcedo Eduardo"]
[Black "Valiente Roy Jose Javier"]
[Result "0-1"]
[WhiteElo "2179"]
[BlackElo "2092"]

1.b3 d5 2.Bb2 Bg4 3.f4 e6 4.Nf3 Bxf3 5.exf3 Nf6 6.d4 Bd6 7.Qd2 c6 8.Ba3 Bxa3
9.Nxa3 Qd6 10.Nb1 O-O 11.Nc3 Nbd7 12.g4 c5 13.O-O-O a6 14.h4 Rfc8 15.Ne2 c4
16.Kb2 b5 17.bxc4 bxc4 18.c3 Ne8 19.Bh3 Nc7 20.Rb1 Nb5 21.Kc1 Rab8 22.Kd1 Na3
23.Rc1 Nb6 24.Ke1 Na4 25.Kf2 Nb2 26.Kg3 Nd3 27.Rcd1 Rb2 28.Qe3 Nc2 29.Qg1 Nxd4
30.Qxd4 Rxe2 31.Bf1 Re4 32.Rxd3 Qxf4+ 33.Kf2 Rxd4 34.Rxd4 Qc1 35.Bg2 Qxc3 36.
Rhd1 Qa3 37.Kg3 c3 38.R1d3 Qd6+ 39.f4 c2 0-1

[Event "Division Honor Grupo I"]
[Site ""]
[Date "2011.02.26"]
[Round "4.15"]
[White "Cantin Zaborras Valentin"]
[Black "Mimbela Lopez Miguel Angel"]
[Result "1/2-1/2"]
[WhiteElo "2085"]
[BlackElo "2168"]

1.e4 c5 2.Nf3 e6 3.c3 d5 4.exd5 Qxd5 5.d4 Nc6 6.Bd3 Nf6 7.Na3 Be7 8.Nb5 Qd8 9.
dxc5 Bxc5 10.Bf4 Nd5 11.Bg3 a6 12.Nbd4 Nxd4 13.Nxd4 Bd6 14.Nf3 O-O 15.O-O Nf4
16.Bc2 Bc7 17.Qe1 Ng6 18.Rd1 Qe7 19.Bxc7 Qxc7 20.Qd2 b5 21.Be4 Bb7 1/2-1/2